Le Fantôme de l'Opéra /
Gardado en:
| Autor Principal: | |
|---|---|
| Outros autores: | , |
| Formato: | Libro |
| Idioma: | francés |
| Publicado: |
Barcelona, España :
Vicens-Vives,
2011, c2007
|
| Edición: | 2a edición |
| Series: | (Lire et S'Entraîner. B1)
(Chat Noir CIDEB) |
| Temas: | |
| Etiquetas: |
Sen Etiquetas, Sexa o primeiro en etiquetar este rexistro!
|
MARC
| LEADER | 00000nam^a2200000^a^4500 | ||
|---|---|---|---|
| 001 | 000399865 | ||
| 005 | 20250521000000.0 | ||
| 009 | 20260310121603.911 | ||
| 020 | |a 978-84-316-8453-2 | ||
| 037 | |a Acervo ITESO - Biblioteca | ||
| 041 | |a FRA | ||
| 082 | |a 445. |b CID LIR S. 3 V. 3 | ||
| 100 | |a Leroux, Gastón |e (autor) | ||
| 240 | 1 | 1 | |a [CIDEB: lire et s'entraîner] |
| 240 | 1 | 4 | |a [El fantasma de la Opera] |
| 245 | 1 | 3 | |a Le Fantôme de l'Opéra / |c G. Leroux ; versión de J. Bertini ; il. de D. LOpez. |
| 250 | |a 2a edición | ||
| 264 | 4 | |a Barcelona, España : |b Vicens-Vives, |c 2011, c2007 | |
| 300 | |a 126 p. + |e 1 disco compacto sonoro (sin dato de duración) | ||
| 336 | |a texto |b txt |2 rdacontenido | ||
| 337 | |a sin mediación |b n |2 rdamedio | ||
| 338 | |a volumen |b nc |2 rdasoporte | ||
| 440 | 1 | |a (Lire et S'Entraîner. |p B1) | |
| 440 | 1 | |a (Chat Noir CIDEB) | |
| 521 | |a FIL 2017 EEnlace Departamento de Lenguas | ||
| 545 | 0 | |a Gastón Leroux (París, 1868 – Niza, 1927), escritor francés. Finaliza sus estudios de Derecho en 1889 y un año después comienza su carrera periodística como reportero y crítico de teatro en el diario L'Echo. Autor muy popular por sus narraciones policíacas y de aventuras, debuta como novelista con La doble vida de Théophraste Longuet (1903). Inicia con El misterio del cuarto amarillo (1907) el ciclo del entrañable policía-detective Joseph Joséphin, llamado "Rouletabille", también protagonista de títulos como El perfume de la dama de negro (1908), Rouletabille en Rusia/Rouletabille en el palacio del zar (1912), El castillo negro (1914), Las extrañas bodas (1914) y Misión en Alemania (1917). Un segundo grupo corresponde a Las aventuras de Chéri-Bibi (1913-1925), un convicto acusado de un crimen que no cometió. Al margen de ambas series despunta El fantasma de la Opera (1910), novela de fascinante atmósfera y enloquecida trama, adaptada innumerables veces para teatro, cine y televisión. Otras novelas de Leroux son El rey misterio (1908), El sillón maldito (1909), La esposa del sol (1912), El capitán Hyx (1917), El corazón secuestrado (1920), La muñeca sangrienta (1923) y La máquina de asesinar (1923). | |
| 649 | |a XX | ||
| 650 | |a Francés - |x Estudio y Enseñanza - |x Tema Principal | ||
| 650 | |a Francés como Lengua Extranjera - |x Estudio y Enseñanza - |x Tema Principal | ||
| 650 | |a Lenguas Extranjeras - |x Estudio y Enseñanza | ||
| 650 | |a Novela Fantástica - |z Francia | ||
| 650 | |a Novela Francesa | ||
| 650 | |a Literatura Fantástica - |z Francia | ||
| 650 | |a Literatura Francesa - |y Siglo XX | ||
| 650 | |a Deformidades en la Literatura | ||
| 650 | |a Obsesión en la Literatura | ||
| 650 | |a Psicopatología en la Literatura | ||
| 650 | |a Pasión Amorosa en la Literatura | ||
| 650 | |a Amor en la Literatura | ||
| 650 | |a Opera en la Literatura | ||
| 650 | |a Artes Escénicas en la Literatura | ||
| 700 | |a Bertini, Jimmy |e (versión) | ||
| 700 | |a Lopez, Duilio |e (ilustración) | ||
| 910 | |a Fondo General | ||
| 920 | |a Impresos - Libros | ||
| 930 | |a Colección General | ||
| 905 | |a 101 | ||
| 901 | |a 0500294900 |b IT1 |c LEN |i c156927 |u 20250521 | ||
| 902 | |a https://opac.biblio.iteso.mx/vufind/Record/000399865 | ||